| 000 | 01483cab a2200253 4500 | ||
|---|---|---|---|
| 001 | X95887 | ||
| 008 | 090401t1998 xxu||||| |||| 00| 0 eng d | ||
| 035 | _a(Sirsi) u90515 | ||
| 041 | _aeng | ||
| 245 | _aThree Rivers DC vStroud and Parker Homes Ltd | ||
| 260 | _c1998 | ||
| 350 | _a0 | ||
| 490 |
_aPlanning Appeal Decisions _v[1998] 13 PAD 660-665(6) |
||
| 520 | _aInquiry 30 June 1998. Decision letter 20 June 1998. Outline - six detached dwellings, garages, ancillary works - effect of proposal on character and appearance of site and surrounding area - loss of existing trees on site - effect on neighbours` amenities - loss of outlook and privacy - structure and local plans - loss of substantial woodland - edge of built-up area - adjoining green belt - PPG3 - whether trees over-mature - whether development site would no longer be garden land - replanting of site after development - no possibility of preserving present woodland character of site - quality of environment and privacy adversely affected - Council`s concern that precedent would be created was justified - damage to outstanding woodland character outweighed any advantages from development. Headnote from journal. | ||
| 650 | _aADVERSE EFFECT | ||
| 650 | _aGREEN BELT | ||
| 650 | _aPLANNING POLICY | ||
| 650 | _aPPG3 | ||
| 650 | _aPRESERVATION | ||
| 650 | _aTHREE RIVERS DC V STROUD AND PARKER HOMES LTD | ||
| 690 | _aPLANNING LAW AND PRACTICE-CASE LAW | ||
| 942 | _n0 | ||
| 948 | _c05/01/1999 | ||
| 999 |
_c57395 _d57395 |
||